La vie américaine et ses leçons / (Record no. 36642)

MARC details
000 -LEADER
campo de control de longitud fija 00536nam a2200169 i 4500
001 - NÚMERO DE CONTROL
campo de control 36642
003 - IDENTIFICADOR DE NÚMERO DE CONTROL
campo de control ES-MaACL
005 - FECHA Y HORA DE LA ÚLTIMA TRANSACCIÓN
campo de control 20230906155417.0
007 - CAMPO FIJO DE DESCRIPCIÓN FÍSICA--INFORMACIÓN GENERAL
campo de control de longitud fija t|
008 - DATOS DE LONGITUD FIJA--INFORMACIÓN GENERAL
campo de control de longitud fija 030218s1931 fr ||||1| fre d
100 1# - ENTRADA PRINCIPAL--NOMBRE DE PERSONA
Nombre de persona Braunschvig, Marcel.
9 (RLIN) 31429
245 13 - MENCIÓN DEL TÍTULO
Título La vie américaine et ses leçons /
Mención de responsabilidad, etc. Marcel Braunschvig.
260 ## - PUBLICACIÓN, DISTRIBUCIÓN, ETC.
Lugar de publicación, distribución, etc. París :
Nombre del editor, distribuidor, etc. Lib. Armand Colin,
Fecha de publicación, distribución, etc. 1931 (
Lugar de fabricación/manufactura Cahors :
Fabricante Coueslant)
300 ## - DESCRIPCIÓN FÍSICA
Extensión 375 p. ;
Dimensiones 23 cm.
500 ## - NOTA GENERAL
Nota general Ejemplar deteriorado: le faltan las hojas 359-372 ambas inclusive.
852 ## - LOCALIZACIÓN
Ubicación ES-MaACL
Número de control de estantería A-475
Holdings
Estatus retirado Estado de pérdida Estado de daño No para préstamo Biblioteca de origen Biblioteca actual Ubicación en estantería Fecha de adquisición Fuente de adquisición Total de préstamos Signatura topográfica completa Código de barras Visto por última vez Precio de reemplazo Tipo de ítem Koha
        Biblioteca del Ateneo de Madrid Biblioteca del Ateneo de Madrid Sala Pecera Planta 1 17/01/2008     A-475 1038510 23/02/2023 23/02/2023 Libro impreso